Southville International School and Colleges
Your cart is empty.
  • Cart
  • Lists
    Public lists Eva Luna New books Lux_list list_1
    Your lists Log in to create your own lists
  • Log in to your account
  • Your cookies
  • Search history
Southville International School and Colleges
  • Advanced search
  • Recent comments
  • Most popular
  • Libraries

Log in to your account

Log in with GOOGLE


If you do not have an external account, but do have a local account, you can still log in:

  1. Home
  2. MARC view: A good talk :
Normal view MARC view ISBD view

A good talk : (Record no. 15087)

[ view plain ]
MARC details
000 -LEADER
fixed length control field 01496cam a2200361 a 4500
001 - CONTROL NUMBER
control field 15681003
003 - CONTROL NUMBER IDENTIFIER
control field OSt
005 - DATE AND TIME OF LATEST TRANSACTION
control field 20140310182649.0
008 - FIXED-LENGTH DATA ELEMENTS--GENERAL INFORMATION
fixed length control field 090331s2010 nyua b 000 0 eng
010 ## - LIBRARY OF CONGRESS CONTROL NUMBER
LC control number 2009013143
020 ## - INTERNATIONAL STANDARD BOOK NUMBER
International Standard Book Number 9780446540025 (alk. paper)
020 ## - INTERNATIONAL STANDARD BOOK NUMBER
International Standard Book Number 0446540021 (alk. paper)
035 ## - SYSTEM CONTROL NUMBER
System control number (OCoLC)ocn318242679
040 ## - CATALOGING SOURCE
Original cataloging agency DLC
Transcribing agency DLC
Modifying agency YDX
-- CDX
-- YDXCP
-- NPL
-- VP@
-- MOF
-- DLC
050 00 - LIBRARY OF CONGRESS CALL NUMBER
Classification number PN 1991.55
Item number .M534 2010
082 00 - DEWEY DECIMAL CLASSIFICATION NUMBER
Classification number M 302.3
-- M52 2010
100 1# - MAIN ENTRY--PERSONAL NAME
Personal name Menaker, Daniel.
245 12 - TITLE STATEMENT
Title A good talk :
Remainder of title the story and skill of conversation
Statement of responsibility, etc Menaker, Daniel
250 ## - EDITION STATEMENT
Edition statement 1st ed.
260 ## - PUBLICATION, DISTRIBUTION, ETC. (IMPRINT)
Place of publication, distribution, etc New York :
Name of publisher, distributor, etc Twelve,
Date of publication, distribution, etc 2010.
300 ## - PHYSICAL DESCRIPTION
Extent vii, 230 p. :
Other physical details ill. ;
Dimensions 22 cm.
504 ## - BIBLIOGRAPHY, ETC. NOTE
Bibliography, etc Includes bibliographical references.
505 0# - FORMATTED CONTENTS NOTE
Formatted contents note Opening remarks -- Talking history -- Survey, discovery, risks, and roles -- Liebe und arbeit (but, to be honest, really just the rest of chapter 3) -- FAQs (Frequently Arising Quandries) -- CHI -- After words.
520 ## - SUMMARY, ETC.
Summary, etc "A stylish, funny and surprising guide to the art of conversation"--Provided by the publisher.
521 ## - TARGET AUDIENCE NOTE
Target audience note
526 ## - STUDY PROGRAM INFORMATION NOTE
Reading level 0L-1700L
541 ## - IMMEDIATE SOURCE OF ACQUISITION NOTE
-- 1
562 ## - COPY AND VERSION IDENTIFICATION NOTE
Number of copies For circulation. 1 copy available in the collection
650 #0 - SUBJECT ADDED ENTRY--TOPICAL TERM
Topical term or geographic name as entry element Conversation analysis.
906 ## - LOCAL DATA ELEMENT F, LDF (RLIN)
a 7
b cbc
c orignew
d 1
e ecip
f 20
g y-gencatlg
942 ## - ADDED ENTRY ELEMENTS (KOHA)
Source of classification or shelving scheme Library of Congress Classification
Koha item type Books
Call number prefix
Holdings
Withdrawn status Lost status Source of classification or shelving scheme Damaged status Home library Current library Shelving location Date acquired Total Checkouts Full call number Barcode Date last seen Copy number Price effective from Koha item type
    Library of Congress Classification   College Library College Library General Circulation Section 04/18/2012   PN 1991.55 .M534 2010 c11851 05/15/2018 1 04/18/2012 Books

A good talk :

APA

Menaker D., . (2010). A good talk. New York: Twelve.

Chicago

Menaker Daniel, . 2010. A good talk. New York: Twelve.

Harvard

Menaker D., . (2010). A good talk. New York: Twelve.

MLA

Menaker Daniel, . A good talk. New York: Twelve. 2010.

  • Place hold
  • Print
  • Cite
  • Add to your cart (remove)
  • Save record
    BIBTEX Dublin Core MARCXML MARC (non-Unicode/MARC-8) MARC (Unicode/UTF-8) MARC (Unicode/UTF-8, Standard) MODS (XML) RIS
  • More searches
    Search for this title in:
    Other Libraries (WorldCat) Other Databases (Google Scholar) Online Stores (Bookfinder.com) Open Library (openlibrary.org)

Exporting to Dublin Core...

SOUTHVILLE LIBRARY

Southville International School and Colleges Library

1281 Tropical Ave. Cor. Luxembourg St., BF Homes International, Las Pinas City

Tel. No. 8256374 / 252358 Loc. 117/146

Powered by Koha